Radar technology encyclopedia / (Record no. 61219)
[ view plain ]
| 000 -LEADER | |
|---|---|
| fixed length control field | 01183cam a2200301 a 4500 |
| 001 - CONTROL NUMBER | |
| control field | 3527450 |
| 003 - CONTROL NUMBER IDENTIFIER | |
| control field | NUST-PNEC |
| 005 - DATE AND TIME OF LATEST TRANSACTION | |
| control field | 20170116180717.0 |
| 008 - FIXED-LENGTH DATA ELEMENTS--GENERAL INFORMATION | |
| fixed length control field | 961211s1997 maua be 000 0 eng |
| 010 ## - LIBRARY OF CONGRESS CONTROL NUMBER | |
| LC control number | 96052026 |
| 020 ## - INTERNATIONAL STANDARD BOOK NUMBER | |
| International Standard Book Number | 0890068933 |
| 040 ## - CATALOGING SOURCE | |
| Transcribing agency | PNEC |
| 050 00 - LIBRARY OF CONGRESS CALL NUMBER | |
| Classification number | TK6574 |
| Item number | .R34 1997 |
| 082 00 - DEWEY DECIMAL CLASSIFICATION NUMBER | |
| Classification number | 621.384803 BAR |
| Edition number | 21 |
| 100 ## - MAIN ENTRY--PERSONAL NAME | |
| 9 (RLIN) | 736 |
| Personal name | Barton, David K. |
| 245 00 - TITLE STATEMENT | |
| Title | Radar technology encyclopedia / |
| Statement of responsibility, etc. | David K. Barton, Sergey A. Leonov, editors. |
| 260 ## - PUBLICATION, DISTRIBUTION, ETC. | |
| Place of publication, distribution, etc. | Boston : |
| Name of publisher, distributor, etc. | Artech House, |
| Date of publication, distribution, etc. | c1997. |
| 300 ## - PHYSICAL DESCRIPTION | |
| Extent | xii, 511 p. : |
| Other physical details | ill. ; |
| Dimensions | 29 cm. |
| 440 #4 - SERIES STATEMENT/ADDED ENTRY--TITLE | |
| Title | The Artech House radar library |
| 500 ## - GENERAL NOTE | |
| General note | http://www.amazon.com/Radar-Technology-Encyclopedia-Artech-Library/dp/0890068933/ref=sr_1_1?s=books&ie=UTF8&qid=1413888738&sr=1-1&keywords=0890068933 |
| 504 ## - BIBLIOGRAPHY, ETC. NOTE | |
| Bibliography, etc. note | Includes bibliographical references (p. 485-506). |
| 650 #0 - SUBJECT ADDED ENTRY--TOPICAL TERM | |
| Topical term or geographic name entry element | Radar |
| General subdivision | Encyclopedias. |
| -- | EL, MIS |
| 700 1# - ADDED ENTRY--PERSONAL NAME | |
| Personal name | Barton, David Knox, |
| Dates associated with a name | 1927- |
| 700 1# - ADDED ENTRY--PERSONAL NAME | |
| Personal name | Leonov, S. A. |
| Fuller form of name | (Sergeĭ Aleksandrovich) |
| 906 ## - LOCAL DATA ELEMENT F, LDF (RLIN) | |
| a | 7 |
| b | cbc |
| c | orignew |
| d | 1 |
| e | ocip |
| f | 19 |
| g | y-gencatlg |
| 942 ## - ADDED ENTRY ELEMENTS (KOHA) | |
| Source of classification or shelving scheme | |
| Koha item type | Book |
| Withdrawn status | Lost status | Source of classification or shelving scheme | Damaged status | Not for loan | Permanent Location | Current Location | Shelving location | Date acquired | Source of acquisition | Cost, normal purchase price | Total Checkouts | Full call number | Barcode | Date last seen | Cost, replacement price | Price effective from | Koha item type |
|---|---|---|---|---|---|---|---|---|---|---|---|---|---|---|---|---|---|
| Pakistan Navy Engineering College (PNEC) | Pakistan Navy Engineering College (PNEC) | Reference | 07/03/1997 | A & J Consultants | 4907.70 | 621.384803 BAR | PNECLIB-019426 | 10/21/2014 | 4907.70 | 10/21/2014 | Book |
